|
|
|
|
| LEADER |
03589nam a2200865 a 4500 |
| 001 |
nkc20112167914 |
| 003 |
CZ PrNK |
| 005 |
20220930083153.0 |
| 007 |
ta |
| 008 |
110222s2011 xr h f 000 0dcze |
| 015 |
|
|
|a cnb002167914
|
| 020 |
|
|
|a 978-80-7050-593-9
|q (brož.)
|
| 035 |
|
|
|a (OCoLC)741402096
|
| 040 |
|
|
|a ABA001
|b cze
|d OLA001
|
| 041 |
0 |
|
|a cze
|b eng
|
| 043 |
|
|
|a e-xr---
|
| 045 |
|
|
|a p-t-
|
| 072 |
|
7 |
|a 27-4
|x Praktická teologie. Morální teologie
|2 Konspekt
|9 5
|
| 080 |
|
|
|a 27-1-051
|2 MRF
|
| 080 |
|
|
|a 2-337
|2 MRF
|
| 080 |
|
|
|a 27-475-051
|2 MRF
|
| 080 |
|
|
|a 27-475.2
|2 MRF
|
| 080 |
|
|
|a 27-878.3-1
|2 MRF
|
| 080 |
|
|
|a 27-475.5
|2 MRF
|
| 080 |
|
|
|a 27-564
|2 MRF
|
| 080 |
|
|
|a 091(=124)
|2 MRF
|
| 080 |
|
|
|a 801.73
|2 MRF
|
| 080 |
|
|
|a (437.3)
|2 MRF
|
| 080 |
|
|
|a (048.8)
|2 MRF
|
| 080 |
|
|
|a (083.87)
|2 MRF
|
| 100 |
1 |
|
|a Marek, Jindřich,
|d 1978-
|7 mzk2004221672
|4 aut
|
| 245 |
1 |
0 |
|a Jakoubek ze Stříbra a počátky utrakvistického kazatelství v českých zemích :
|b studie o Jakoubkově postile z let 1413-1414 /
|c Jindřich Marek
|
| 246 |
3 |
0 |
|a Studie o Jakoubkově postile z let 1413-1414
|
| 250 |
|
|
|a 1. vyd.
|
| 260 |
|
|
|a Praha :
|b Národní knihovna České republiky,
|c 2011
|
| 300 |
|
|
|a 260 s. :
|b faksim. ;
|c 25 cm
|
| 504 |
|
|
|a Obsahuje bibliografii a bibliografické odkazy
|
| 530 |
|
|
|a Existuje též jako d-book
|
| 546 |
|
|
|a Anglické resumé
|
| 600 |
0 |
7 |
|a Jakoubek,
|c ze Stříbra,
|d asi 1371-1429
|7 jk01050680
|2 czenas
|
| 600 |
0 |
7 |
|a Jakoubek,
|c ze Stříbra,
|d asi 1371-1429.
|t Postila
|7 aun2011626186
|2 czenas
|
| 648 |
|
4 |
|a 1413-1414
|
| 648 |
|
7 |
|a 14.-15. století
|7 ch460617
|2 czenas
|
| 648 |
|
7 |
|a 12.-16. století
|7 ch757068
|2 czenas
|
| 650 |
0 |
7 |
|a křesťanští teologové
|7 ph122148
|z Česko
|y 14.-15. století
|2 czenas
|
| 650 |
0 |
7 |
|a náboženští reformátoři
|7 ph115488
|z Česko
|y 14.-15. století
|2 czenas
|
| 650 |
0 |
7 |
|a kazatelé
|7 ph121551
|z Česko
|y 14.-15. století
|2 czenas
|
| 650 |
0 |
7 |
|a homiletika
|7 ph120791
|y 12.-16. století
|2 czenas
|
| 650 |
0 |
7 |
|a homiletika
|7 ph120791
|z Česko
|y 12.-15. století
|2 czenas
|
| 650 |
0 |
7 |
|a utrakvistická teologie
|7 ph171174
|z Česko
|y 1401-1450
|2 czenas
|
| 650 |
0 |
7 |
|a kázání
|7 ph122077
|z Česko
|y 1401-1450
|2 czenas
|
| 650 |
0 |
7 |
|a církevní rok
|7 ph114290
|2 czenas
|
| 650 |
0 |
7 |
|a latinské rukopisy
|7 ph115101
|z Česko
|y 1401-1450
|2 czenas
|
| 650 |
0 |
7 |
|a textová analýza
|7 ph126628
|2 czenas
|
| 650 |
0 |
9 |
|a Christian theologians
|z Czechia
|y 14th-15th centuries
|2 eczenas
|
| 650 |
0 |
9 |
|a religious reformers
|z Czechia
|y 14th-15th centuries
|2 eczenas
|
| 650 |
0 |
9 |
|a preachers
|z Czechia
|y 14th-15th centuries
|2 eczenas
|
| 650 |
0 |
9 |
|a preaching
|y 12th-16th centuries
|2 eczenas
|
| 650 |
0 |
9 |
|a preaching
|z Czechia
|y 12th-16th centuries
|2 eczenas
|
| 650 |
0 |
9 |
|a Utraquist theology
|z Czechia
|y 1401-1450
|2 eczenas
|
| 650 |
0 |
9 |
|a sermons
|z Czechia
|y 1401-1450
|2 eczenas
|
| 650 |
0 |
9 |
|a church year
|2 eczenas
|
| 650 |
0 |
9 |
|a Latin manuscripts
|z Czechia
|y 1401-1450
|2 eczenas
|
| 650 |
0 |
9 |
|a textual criticism
|2 eczenas
|
| 655 |
|
7 |
|a monografie
|7 fd132842
|2 czenas
|
| 655 |
|
7 |
|a konkordance
|7 fd131851
|2 czenas
|
| 655 |
|
9 |
|a monographs
|2 eczenas
|
| 655 |
|
9 |
|a concordances
|2 eczenas
|
| 856 |
4 |
1 |
|u https://www.digitalniknihovna.cz/mzk/uuid/uuid:eb39b020-49b9-11e2-a0bc-005056827e52
|y Digitalizovaný dokument
|x NDK
|
| 910 |
2 |
|
|a BOA001
|b 2-1260.918
|
| 990 |
|
|
|a BK
|
| 995 |
|
|
|a 01
|
| 991 |
|
|
|b 201106
|c NOV
|e n
|
| 996 |
6 |
|
|b 2610480017
|c 2-1260.918
|l MZK
|r Sklad / do 1 hodiny
|n 3
|p p.v.
|w 001183133
|u 000010
|a 1
|e BOA001
|j MZK50
|s P
|
| 996 |
7 |
|
|b 2610485294
|c 2-1260.918
|l MZK
|r Sklad / do 1 hodiny
|n 17
|p kup
|w 001183133
|u 000020
|a 1
|e BOA001
|j MZK50
|s A
|